Київ (Запис № 325445)

МАРК-запис
000 -Лідер
fixed length control field 02295cas a22002897a 4500
001 - Контрольний номер
control field 44364
003 - Ідентифікатор контрольного номера
control field UA-OsUOA
005 - Дата та час останнього входження (трансакції)
control field 20191001113135.0
007 - Фіксоване поле фізичного опису
fixed length control field ta
008 - Елементи даних фіксованої довжини – загальна інформація
fixed length control field 200702c1983n ||un mr|p||00| 0 ukrcdukr d
022 ## - Міжнародний стандартний серіальний номер (ISSN)
Міжнародний стандартний серіальний номер (ISSN) 02080710
040 ## - Джерело каталогізації
Агенція оригінальної каталогізації UA-OsUOA
Мова каталогізації ukr
Агенція, яка здійснювала перезапис UA-OsUOA
Агенція, яка здійснювала модифікацію UA-OsUOA
041 ## - Код мови
Код мови тексту/ звукової доріжки чи окремого заголовка (П) ukr
044 ## - Код країни видавця/ виробника
Код країни видавця/ виробника (П) UA
080 ## - Індекс Універсальної десяткової класифікації
Індекс Універсальної десяткової класифікації (УДК) (НП) 82
090 ## - Локальний шифр розміщення
Класифікаційний індекс УДК 82
Авторський знак (НП) К38
099 ## - Місцевий розмір звичайного тексту (OCLC)
Передплатний індекс 74257
110 ## - Наймення організації – загальна інформація
Найменування колективу або юрисдикції як початковий елемент введення Журнал письменників України. Засновники : Київська міська рада, Національна спілка письменників України
245 ## - Відомості про назву
Назва (НП) Київ
Решта назви (НП) літературно-художній і громадсько-політичний журнал письменників України
Дані про відповідальність (НП) гол. ред. Баранов В.
260 ## - Публікація, розповсюдження і т.п. (Вихідні дані)
Місце публікації, розповсюдження і т.п. (П) К.
Ім’я/ наймення видавництва, розповсюджувача і т.п. (П) ВІПОЛ
310 ## - Поточна періодичність
Поточна періодичність щомісяця
520 ## - Резюме і т.п.
Резюме, реферат, анотація, тощо (НП) Журнал «Київ» було створено у 1983 році. Першим його головним редактором став письменник Володимир Дрозд, який очолював видання з 1983 по 1986 рік. Він писав: ”Скажу без перебільшення: колектив, незважаючи на складний період становлення, здійснив подвиг, створивши буквально з нічого один із найцікавіших українських місячників того часу. Звичайно, взірцем „сміливості” ми не були, але за взірець розважливої мудрості цілком могли слугувати – у тих конкретних обставинах, у яких нам випало жити і працювати. Цензура була просто жахлива, а головне – дурна... Наше ж спрямування навіть в мордовських таборах помітив Василь Стус, дуже позитивно відгукнувшись про художній рівень прози на сторінках „Києва”.
650 #7 - Додаткове предметне введення – тематичний термін
Тематичний термін чи географічна назва, як елемент введення (НП) 82 Література. Літературознавство
Джерело заголовка чи терміна UDC
942 ## - Додаткові елементи входу (Коха)
Тип елемента Koha Журнал
Source of classification or shelving scheme Universal Decimal Classification
955 ## - Код типу видання за змістом
Код типу видання за змістом (НП) Літературно-художні видання
962 ## - Рік початку публікації
Рік 1983

Немає доступних примірників.